000 00698nam a2200181Ia 4500
008 090124s9999 xx 000 0 und d
082 _b117014
100 _aखानोलकर चिं.त्र्यं.(चिंतामणी त्र्यंबक)(आरती
245 _a अजगर
250 _a1
260 _c1977
300 _a93
600 _aखानोलकर चिं.त्र्यं.(चिंतामणी त्र्यंबक)(आरती
630 _a अजगर
700 _aखानोलकर चिं.त्र्यं.(चिंतामणी त्र्यंबक)(आरती
730 _a अजगर
942 _cBOOK
999 _c163100
_d163100